000 01052nam a22003137a 4500
003 CHAP
005 20220817041522.0
008 971013s1970 r 00010 d
010 _a16833
011 _a17805
035 _a21889
040 _cCHAP
090 _aFolleto 2281
100 0 0 _aHuerta Moreno, Ramón.
_956691
245 _aTolerancia de tres variedades de lechuga a diferentes concentraciones de agua de mar, bajo condiciones de invernadero
260 _aHermosillo, Son. :
_bCentro de Investigaciones Científicas y Tecnológicas,
_c1970
300 _a(s.p.)
490 _aPublicación
_v; 4
590 _aBATCH-UPD
_b10
_c20130110
_lUCH01
_h1330
590 _aBATCH-UPD
_b10
_c20130410
_lUCH01
_h0836
590 _aBATCH-UPD
_b10
_c20130914
_lUCH01
_h1718
590 _aCONVERSION
_b10
_c20130109
_lUCH01
_h1310
650 1 4 _aAgua de mar
_xEfecto en plantas.
_92419
650 1 4 _aLechuga
_xVariedades.
_965479
830 0 _aPublicación
_v; 4
901 _aBK
942 _cFOLL
949 _aFolleto 2281
_bBC
_cFOLL
_d-50894
_eTS1
_i21889
_si
999 _c16833
_d16833